[Event "Suizo"]
[White "mserrano"]
[Black "dfunes"]
[Date "2017.01.21"]
[Result "1/2-1/2"]
[WhiteElo "1597"]
[BlackElo "1597"]

1. d2-d4 d7-d5 2. e2-e3 Ng8-f6 3. Ng1-f3 Nb8-c6 4. Bf1-b5 Bc8-d7 5. Nb1-c3 a7-a6 6. Bb5xc6 Bd7xc6 7. O-O e7-e6 8. b2-b3 Bf8-d6 9. a2-a4 O-O 10. Qd1-d3 Nf6-e4 11. Nf3-e5 Ne4xc3 12. Qd3xc3 f7-f5 13. Ne5xc6 b7xc6 14. Qc3xc6 Qd8-h4 15. g2-g3 Qh4-h5 16. Bc1-a3 Bd6xa3 17. Ra1xa3 Ra8-c8 18. Qc6xe6 Kg8-h8 19. Qe6xa6 c7-c5 20. Qa6-d3 Rf8-f6 21. c2-c3 Rf6-h6 22. Kg1-g2 Qh5-h3 23. Kg2-f3 Qh3-g4 24. Kf3-g2 Qg4-h3 25. Kg2-f3 Qh3-g4 26. Kf3-g2  1/2-1/2

[Event "Suizo"]
[White "jmartinezga"]
[Black "jcferrer"]
[Date "2017.01.21"]
[Result "1-0"]
[WhiteElo "1809"]
[BlackElo "1617"]

1. e2-e4 e7-e5 2. Ng1-f3 Nb8-c6 3. Bf1-b5 d7-d6 4. c2-c3 Bc8-d7 5. O-O Ng8-f6 6. Rf1-e1 Bf8-e7 7. d2-d4 a7-a6 8. Bb5-a4 e5xd4 9. c3xd4 O-O 10. Nb1-c3 b7-b5 11. Ba4-c2 Bd7-g4 12. d4-d5 Nc6-e5 13. Re1-e3 Nf6-d7 14. Qd1-e1 Nd7-c5 15. Nf3xe5 d6xe5 16. b2-b4 Nc5-d7 17. Bc1-b2 Be7xb4 18. a2-a3 Bb4-c5 19. Re3-g3 Bg4-h5 20. Ra1-c1 f7-f5 21. e4xf5 Rf8xf5 22. Bc2xf5 Qd8-f6 23. Bf5xd7 Bc5xf2 24. Qe1xf2 Qf6-d6 25. Bd7-e6 Kg8-h8 26. Nc3-e4 Qd6-e7 27. Bb2xe5 Ra8-f8 28. Be5xg7 Qe7xg7 29. Rg3xg7 Rf8xf2 30. Rg7-g8  1-0

[Event "Suizo"]
[White "oiglesias"]
[Black "jyanguas"]
[Date "2017.01.21"]
[Result "1-0"]
[WhiteElo "1847"]
[BlackElo "1645"]

1. c2-c4 e7-e5 2. Nb1-c3 c7-c6 3. e2-e4 Ng8-f6 4. d2-d3 d7-d5 5. c4xd5 c6xd5 6. e4xd5 Nf6xd5 7. Bf1-e2 Bf8-b4 8. Bc1-d2 O-O 9. Ng1-f3 Nb8-c6 10. a2-a3 Bb4-c5 11. O-O Nd5-f4 12. Bd2xf4 e5xf4 13. b2-b4 Bc5-b6 14. Qd1-c1 Qd8-f6 15. Nc3-e4 Qf6-g6 16. Qc1xf4 Bb6-d4 17. Nf3xd4 Nc6xd4 18. Be2-d1 Nd4-e6 19. Qf4-g3 Qg6-f5 20. Bd1-g4 Qf5-g6 21. Bg4-h3 b7-b6 22. Ne4-d6 Bc8-d7 23. Ra1-d1 Bd7-c6 24. Bh3-f5 Qg6xg3 25. h2xg3 Ne6-d4 26. Bf5-e4 Ra8-d8 27. Be4xc6 Nd4xc6 28. Nd6-e4 Nc6-d4 29. Ne4-c3 Rf8-e8 30. a3-a4 f7-f6 31. a4-a5 b6xa5 32. b4xa5 a7-a6 33. Nc3-a4 Nd4-b3 34. Na4-b6 Nb3xa5 35. d3-d4 Rd8-d6 36. Nb6-a4 Re8-d8 37. d4-d5 Rd6xd5 38. Rd1-a1 Na5-b3 39. Ra1-a3 Nb3-d2 40. Rf1-c1 a6-a5 41. Na4-b6 Rd5-b5 42. Rc1-c8 Rd8xc8 43. Nb6xc8 Nd2-c4 44. Ra3-c3 Nc4-b2 45. Nc8-e7 Kg8-f7 46. Ne7-c6 a5-a4 47. Nc6-d4 Rb5-b4 48. Nd4-c6 Rb4-b3 49. Rc3-c2 a4-a3 50. Nc6-d4 Rb3-b4 51. Nd4-c6 a3-a2 52. Nc6xb4 a2-a1=Q 53. Kg1-h2 Nb2-d3 54. Nb4xd3 Qa1-d4 55. Rc2-c7 Kf7-e8 56. Nd3-f4 Qd4xf2 57. Rc7xg7 Qf2-c5 58. Rg7xh7 Qc5-g5 59. Rh7-h5 Qg5-g7 60. Rh5-h4 Ke8-f7 61. Nf4-h5 Qg7-g8 62. Rh4-f4 Qg8-h7 63. Rf4xf6 Kf7-e7 64. g3-g4 Qh7-h8 65. Rf6-f3 Qh8-e5 66. Kh2-h3 Qe5-g5 67. Rf3-f5 Qg5-e3 68. Nh5-g3 Qe3-g1 69. Rf5-h5 Qg1-c1 70. g4-g5 Qc1-f4 71. g5-g6 Qf4-f6 72. Rh5-h7 Ke7-f8 73. Rh7-f7 Qf6xf7 74. g6xf7 Kf8xf7 75. Kh3-g4 Kf7-g6 76. Ng3-e4 Kg6-h6 77. Kg4-h4 Kh6-g6 78. g2-g4 Kg6-h6 79. g4-g5 Kh6-g6 80. Kh4-g4 Kg6-f7 81. Kg4-h5  1-0

[Event "Suizo"]
[White "arodriguez"]
[Black "cebravo"]
[Date "2017.01.21"]
[Result "0-1"]
[WhiteElo "1903"]
[BlackElo "1926"]

1. d2-d4 Ng8-f6 2. c2-c4 e7-e6 3. Ng1-f3 b7-b6 4. Nb1-c3 Bc8-b7 5. Bc1-g5 Bf8-b4 6. e2-e3 Bb4xc3 7. b2xc3 Qd8-e7 8. Bf1-d3 h7-h6 9. Bg5-h4 d7-d6 10. O-O Nb8-d7 11. Rf1-e1 g7-g5 12. Bh4-g3 Nf6-e4 13. Qd1-c2 f7-f5 14. Nf3-d2 Ne4xd2 15. Qc2xd2 h6-h5 16. f2-f3 h5-h4 17. Bg3-f2 h4-h3 18. Bf2-g3 h3xg2 19. Qd2xg2 g5-g4 20. e3-e4 g4xf3 21. Qg2xf3 O-O-O 22. d4-d5 f5xe4 23. Re1xe4 Nd7-e5 24. Bg3xe5 d6xe5 25. Re4xe5 Qe7-h4 26. Qf3-e2 Rd8-g8 27. Kg1-h1 Qh4-g3 28. Ra1-f1 Rh8xh2 29. Qe2xh2 Qg3xd3 30. Re5-h5 Qd3xf1  0-1

[Event "Suizo"]
[White "smberczely"]
[Black "mserrano"]
[Date "2017.01.21"]
[Result "1-0"]
[WhiteElo "1760"]
[BlackElo "1597"]

1. Ng1-f3 d7-d5 2. d2-d4 e7-e6 3. c2-c4 Ng8-f6 4. a2-a3 d5xc4 5. Nb1-c3 c7-c6 6. e2-e4 b7-b5 7. Bf1-e2 h7-h6 8. h2-h3 b5-b4 9. a3xb4 Bf8xb4 10. O-O Bb4xc3 11. b2xc3 Nf6xe4 12. Bc1-b2 Bc8-a6 13. Qd1-c2 Ne4-f6 14. Rf1-e1 O-O 15. Nf3-e5 Ba6-b5 16. Ne5xc4 Nb8-d7 17. Bb2-a3 Rf8-e8 18. Nc4-d6 Re8-f8 19. Nd6xb5 c6xb5 20. Ba3xf8 Qd8xf8 21. Be2xb5 Nd7-b6 22. Bb5-d3 Nb6-d5 23. Qc2-d2 Qf8-c8 24. c3-c4 Nd5-b6 25. Re1-c1 Qc8-c6 26. Bd3-e2 Nf6-e4 27. Qd2-d3 g7-g6 28. Be2-f3 f7-f5 29. Rc1-e1 Nb6xc4 30. Bf3xe4 f5xe4 31. Qd3xe4 Qc6xe4 32. Re1xe4 Ra8-e8 33. d4-d5 Nc4-d6 34. Re4-e1 e6xd5 35. Re1xe8 Nd6xe8 36. Ra1xa7 Kg8-f8 37. Kg1-f1 d5-d4 38. Kf1-e2 Ne8-d6 39. Ke2-d3 Nd6-f5 40. g2-g4 Nf5-e7 41. Ra7-d7 Kf8-f7 42. Rd7xd4 Kf7-e6 43. f2-f4 Ne7-c6 44. Rd4-e4 Ke6-f6 45. Kd3-c4 Nc6-e7 46. Kc4-c5 h6-h5 47. Kc5-d6 Ne7-g8 48. Re4-e6 Kf6-g7 49. g4-g5 h5-h4 50. Kd6-d7 Kg7-f7 51. Re6-a6 Kf7-g7 52. Kd7-e8 Ng8-f6 53. g5xf6 Kg7-g8 54. f6-f7 Kg8-g7 55. f7-f8=Q Kg7-h7 56. Qf8-f7 Kh7-h8 57. Qf7-f6 Kh8-g8 58. Qf6xg6 Kg8-h8 59. Qg6-h6 Kh8-g8 60. Ra6-g6  1-0

[Event "Suizo"]
[White "jcferrer"]
[Black "dfunes"]
[Date "2017.01.21"]
[Result "1-0"]
[WhiteElo "1622"]
[BlackElo "1597"]

1. e2-e4 e7-e5 2. Ng1-f3 Ng8-f6 3. Nb1-c3 Bf8-c5 4. d2-d4 e5xd4 5. Nf3xd4 Nb8-c6 6. Bc1-e3 O-O 7. Nd4xc6 d7xc6 8. Be3xc5 Qd8-e8 9. Bc5xf8 Nf6xe4 10. Nc3xe4 Qe8xe4 11. Bf1-e2 Qe4xg2 12. Rh1-f1 Bc8-h3 13. Bf8-c5 Ra8-e8 14. Bc5-e3 f7-f5 15. Qd1-d7 Re8-f8 16. O-O-O f5-f4 17. Be2-c4 Kg8-h8 18. Qd7-e7 Rf8-b8 19. Be3xf4  1-0

[Event "Suizo"]
[White "jmartinezga"]
[Black "arodriguez"]
[Date "2017.01.21"]
[Result "0-1"]
[WhiteElo "1804"]
[BlackElo "1915"]

1. e2-e4 d7-d5 2. e4xd5 Qd8xd5 3. Nb1-c3 Qd5-a5 4. Ng1-f3 Ng8-f6 5. d2-d3 c7-c6 6. Bc1-d2 Qa5-c7 7. h2-h3 Bc8-f5 8. Bf1-e2 e7-e6 9. O-O Bf8-d6 10. a2-a3 Nb8-d7 11. b2-b4 O-O 12. b4-b5 a7-a6 13. b5xc6 Qc7xc6 14. Nf3-d4 Qc6-c5 15. Nd4xf5 Qc5xf5 16. d3-d4 Nf6-e4 17. Nc3xe4 Qf5xe4 18. Bd2-c3 Ra8-c8 19. Qd1-d3 Qe4-f4 20. g2-g3 Qf4-h6 21. h3-h4 Rc8-c7 22. Bc3-d2 Qh6-f6 23. Bd2-g5 Qf6-g6 24. Qd3-d2 Qg6xc2 25. Qd2xc2 Rc7xc2 26. Be2-d3 Rc2-c3 27. Bd3-e4 b7-b5 28. Ra1-c1 Rf8-c8 29. Be4-b7 Rc3xc1 30. Rf1xc1 Rc8xc1 31. Bg5xc1 a6-a5 32. Bb7-c6 Nd7-b6 33. Bc6xb5 Nb6-d5 34. Kg1-f1 Kg8-f8 35. Bb5-c4 Nd5-b6 36. Bc4-d3 h7-h6 37. Kf1-e2 Nb6-d5 38. Bd3-c4 Nd5-f6 39. Ke2-f3 Kf8-e7 40. Bc1-b2 Nf6-d7 41. Bc4-b5 Nd7-b6 42. Bb5-d3 Ke7-d7 43. Bd3-b5 Kd7-c7 44. a3-a4 Bd6-b4 45. d4-d5 Nb6xd5 46. Bb2xg7 h6-h5 47. Bg7-e5 Kc7-d8 48. g3-g4 h5xg4 49. Kf3xg4 Kd8-e7 50. h4-h5 Bb4-d2 51. f2-f4 f7-f6 52. Be5-b8 Ke7-f7 53. Bb5-d3 Kf7-g7 54. Bb8-d6 Nd5-c3 55. Bd3-c2 Nc3-d5 56. Bd6-b8 Nd5-e3 57. Kg4-f3 Ne3xc2 58. Kf3-e2 Bd2-b4 59. Ke2-d3 Nc2-e1 60. Kd3-e2 Ne1-g2 61. Ke2-f3 Ng2-h4 62. Kf3-g4 Nh4-f5 63. Bb8-c7 Kg7-f7 64. Bc7-b8 Kf7-e7 65. Bb8-a7 Ke7-d6 66. Ba7-b8 Kd6-d5 67. Bb8-c7 Kd5-c4 68. Bc7-d8 Bb4-c3 69. Bd8-c7 Kc4-b4 70. Bc7-b6 Kb4xa4 71. Bb6-f2 Ka4-b3 72. Bf2-c5 a5-a4 73. Bc5-f8 a4-a3 74. h5-h6 Nf5xh6 75. Bf8xh6 a3-a2 76. f4-f5 e6xf5 77. Kg4xf5 a2-a1=Q 78. Bh6-g7 Qa1-e1 79. Kf5-g6 Qe1-g3 80. Kg6-f7 Qg3xg7 81. Kf7xg7 f6-f5  0-1

[Event "Suizo"]
[White "cebravo"]
[Black "oiglesias"]
[Date "2017.01.21"]
[Result "1-0"]
[WhiteElo "1916"]
[BlackElo "1842"]

1. e2-e4 e7-e6 2. Nb1-c3 Bf8-e7 3. d2-d4 d7-d5 4. Bf1-d3 a7-a6 5. Ng1-f3 c7-c5 6. d4xc5 Be7xc5 7. e4xd5 e6xd5 8. Nc3xd5 Bc8-e6 9. Nd5-f4 Be6-g4 10. O-O Ng8-e7 11. h2-h3 Bg4-d7 12. Nf3-g5 g7-g6 13. b2-b4 Bc5-a7 14. Bc1-b2 O-O 15. Qd1-h5 g6xh5 16. Bd3xh7  1-0

[Event "Suizo"]
[White "vpenaa"]
[Black "jyanguas"]
[Date "2017.01.21"]
[Result "0-1"]
[WhiteElo "1573"]
[BlackElo "1641"]

1. d2-d4 d7-d5 2. Ng1-f3 Bc8-g4 3. c2-c3 Ng8-f6 4. Qd1-b3 b7-b6 5. Nf3-e5 Bg4-d7 6. Bc1-g5 h7-h6 7. Bg5xf6 e7xf6 8. Qb3xd5 f6xe5 9. Qd5xa8 a7-a6 10. Qa8-f3 e5xd4 11. c3xd4 Bf8-b4 12. Nb1-c3 O-O 13. e2-e3 c7-c5 14. d4xc5 Bd7-c6 15. Qf3-g3 Qd8-f6 16. c5xb6 Bb4xc3 17. b2xc3 Qf6xc3 18. Ke1-e2 Rf8-d8 19. Ra1-d1 Qc3-c2 20. Rd1-d2 Qc2xd2  0-1

[Event "Suizo"]
[White "arodriguez"]
[Black "mserrano"]
[Date "2017.01.21"]
[Result "1-0"]
[WhiteElo "1907"]
[BlackElo "1604"]

1. b2-b3 e7-e5 2. Bc1-b2 h7-h6 3. Bb2xe5 Qd8-e7 4. Be5-b2 d7-d6 5. e2-e3 Ng8-f6 6. f2-f4 Nb8-c6 7. Ng1-f3 a7-a6 8. h2-h3 Bc8-e6 9. Nb1-c3 O-O-O 10. g2-g4 g7-g6 11. Bf1-g2 Bf8-g7 12. Qd1-e2 h6-h5 13. g4-g5 Nf6-d7 14. O-O-O Nd7-b6 15. Kc1-b1 Rd8-e8 16. e3-e4 d6-d5 17. e4-e5 f7-f6 18. g5xf6 Bg7xf6 19. e5xf6 Qe7xf6 20. Nc3xd5 Qf6-f5 21. Nd5xb6 c7xb6 22. Bb2xh8 Re8xh8 23. Nf3-g5 Nc6-b4 24. Qe2xe6 Qf5xe6 25. Ng5xe6 Rh8-e8 26. Rd1-e1 Re8-e7 27. a2-a3 Nb4-d5 28. Bg2xd5 b6-b5 29. Ne6-c5 Re7-d7 30. Nc5xd7 Kc8xd7 31. Re1-e6 h5-h4 32. Rh1-g1 g6-g5 33. Rg1xg5 b5-b4 34. Rg5-g7 Kd7-d8 35. Re6-h6  1-0

[Event "Suizo"]
[White "jmartinezga"]
[Black "smberczely"]
[Date "2017.01.21"]
[Result "1-0"]
[WhiteElo "1811"]
[BlackElo "1753"]

1. e2-e4 d7-d6 2. d2-d4 Ng8-f6 3. Nb1-c3 g7-g6 4. Bf1-c4 Bf8-g7 5. Ng1-f3 Bc8-g4 6. h2-h3 Bg4xf3 7. Qd1xf3 O-O 8. Bc1-e3 Nb8-d7 9. O-O e7-e5 10. d4-d5 a7-a6 11. Be3-g5 b7-b5 12. Bc4-d3 Qd8-b8 13. Nc3-e2 Qb8-d8 14. c2-c3 Nd7-c5 15. Bd3-c2 Qd8-e7 16. Ne2-g3 Nc5-d7 17. h3-h4 Qe7-d8 18. h4-h5 h7-h6 19. Bg5-e3 Qd8-e7 20. Qf3-e2 Rf8-c8 21. f2-f4 e5xf4 22. Be3xf4 Nd7-e5 23. Bf4xe5 Qe7xe5 24. h5xg6 Qe5xg3 25. g6xf7 Kg8xf7 26. e4-e5 Qg3xe5 27. Qe2-g4 Rc8-d8 28. Qg4-g6 Kf7-f8 29. Ra1-e1 Qe5-g5 30. Qg6-d3 Rd8-d7 31. Rf1-f5 Qg5-g4 32. Re1-f1 Rd7-f7 33. Rf1-f4 Qg4-g6 34. Qd3-f3 Ra8-e8 35. Rf5xf6 Re8-e1 36. Kg1-h2 Qg6-h5 37. Qf3xh5  1-0

[Event "Suizo"]
[White "dfunes"]
[Black "oiglesias"]
[Date "2017.01.21"]
[Result "0-1"]
[WhiteElo "1609"]
[BlackElo "1850"]

1. e2-e4 e7-e6 2. d2-d4 c7-c6 3. c2-c4 d7-d5 4. c4xd5 c6xd5 5. e4-e5 Bf8-e7 6. Ng1-f3 Nb8-c6 7. Bf1-b5 Bc8-d7 8. Nb1-c3 a7-a6 9. Bb5-a4 g7-g6 10. Bc1-e3 h7-h5 11. Qd1-c1 Ra8-c8 12. O-O b7-b5 13. Ba4-c2 Nc6-b4 14. a2-a3 Nb4xc2 15. Qc1xc2 a6-a5 16. Qc2-d2 b5-b4 17. a3xb4 a5xb4 18. Nc3-e2 Bd7-b5 19. Rf1-c1 h5-h4 20. Rc1xc8 Qd8xc8 21. Ra1-a5 Bb5-d7 22. Ra5-a1 h4-h3 23. g2-g3 Qc8-b7 24. Ne2-f4 g6-g5 25. Nf4-e2 g5-g4 26. Nf3-e1 Bd7-b5 27. Ne2-f4 Bb5-c4 28. Ne1-c2 Be7-f8 29. Nc2-e1 Ng8-e7 30. Ne1-d3 Ne7-f5 31. Nd3-c5 Bf8xc5 32. d4xc5 Nf5xe3 33. Qd2xe3 Qb7-c6 34. Nf4-d3 d5-d4  0-1

[Event "Suizo"]
[White "wvelandia"]
[Black "cebravo"]
[Date "2017.01.21"]
[Result "0-1"]
[WhiteElo "1584"]
[BlackElo "1908"]

1. b2-b3 e7-e5 2. Bc1-b2 Nb8-c6 3. a2-a3 Ng8-f6 4. e2-e3 Bf8-e7 5. Bf1-b5 O-O 6. Bb5xc6 d7xc6 7. Bb2xe5 Nf6-g4 8. Be5-g3 Be7-f6 9. d2-d4 Rf8-e8 10. Nb1-c3 Bf6xd4 11. Qd1-d3 Bd4xe3 12. Ng1-e2 Qd8xd3 13. O-O Qd3-g6 14. f2xe3 Ng4xe3 15. Ne2-f4 Qg6xc2 16. Nc3-e4 Ne3xf1 17. Ra1xf1 Qc2xb3 18. Ne4-c5 Qb3xa3 19. Nf4-h5 Qa3-e3 20. Bg3-f2 Qe3-g5 21. Nh5xg7 Kg8xg7 22. Nc5-d3 b7-b6 23. Nd3-b2 c6-c5 24. Nb2-a4 Bc8-b7 25. g2-g3 Qg5-d5 26. Bf2xc5 Qd5-g2  0-1

[Event "Suizo"]
[White "mserrano"]
[Black "vpenaa"]
[Date "2017.01.21"]
[Result "1-0"]
[WhiteElo "1607"]
[BlackElo "1583"]

1. d2-d4 d7-d5 2. e2-e3 e7-e6 3. Ng1-f3 Ng8-f6 4. h2-h3 c7-c6 5. Bf1-d3 h7-h6 6. O-O c6-c5 7. b2-b3 Nb8-c6 8. c2-c3 a7-a6 9. Bc1-a3 Bf8-e7 10. d4xc5 O-O 11. c3-c4  1-0

[Event "Suizo"]
[White "smberczely"]
[Black "jcferrer"]
[Date "2017.01.21"]
[Result "1-0"]
[WhiteElo "1764"]
[BlackElo "1613"]

1. d2-d4 e7-e6 2. c2-c4 g7-g6 3. Ng1-f3 Bf8-g7 4. Nb1-c3 Ng8-f6 5. Bc1-g5 d7-d6 6. e2-e3 Nb8-d7 7. Bf1-d3 h7-h6 8. Bg5-h4 g6-g5 9. Bh4-g3 O-O 10. Bd3-c2 Nf6-e8 11. h2-h4 g5-g4 12. Nf3-h2 c7-c5 13. Nh2xg4 h6-h5 14. Qd1-d3 h5xg4 15. Qd3-h7  1-0

[Event "Suizo"]
[White "oiglesias"]
[Black "jmartinezga"]
[Date "2017.01.21"]
[Result "1-0"]
[WhiteElo "1846"]
[BlackElo "1802"]

1. c2-c4 c7-c5 2. Nb1-c3 Nb8-c6 3. e2-e3 d7-d6 4. Bf1-e2 e7-e6 5. h2-h4 Ng8-f6 6. h4-h5 h7-h6 7. a2-a3 Bf8-e7 8. d2-d4 c5xd4 9. e3xd4 a7-a6 10. d4-d5 Nc6-e5 11. f2-f4 Ne5-d7 12. Bc1-e3 e6xd5 13. c4xd5 Nd7-c5 14. Be3xc5 d6xc5 15. Ng1-f3 O-O 16. Nf3-e5 Be7-d6 17. O-O b7-b5 18. Be2-f3 Bc8-b7 19. Qd1-d2 Qd8-c7 20. Rf1-e1 Rf8-e8 21. Ra1-c1 Bd6xe5 22. f4xe5 Re8xe5 23. Re1xe5 Qc7xe5 24. Rc1-e1 Qe5-d6 25. Nc3-e4 Nf6xe4 26. Bf3xe4 Ra8-d8 27. Re1-d1 Qd6-e5 28. Be4-f3 Qe5-d6 29. Qd2-d3 c5-c4 30. Qd3-f5 Bb7-c8 31. Qf5-e4 Qd6-f6 32. Rd1-d2 Bc8-f5 33. Qe4-f4 Qf6-g5 34. Qf4xg5 h6xg5 35. g2-g4 Bf5-e6 36. d5-d6 Kg8-f8 37. Bf3-b7 Kf8-e8 38. Bb7xa6 Be6xg4 39. Ba6xb5 Bg4-d7 40. Bb5xc4 f7-f6 41. Rd2-e2 Ke8-f8 42. Re2-e7 Bd7-g4 43. Re7-f7 Kf8-e8 44. Rf7xg7 Rd8xd6 45. h5-h6 Bg4-f3 46. h6-h7 Rd6-d1 47. Kg1-f2 Rd1-h1 48. Kf2xf3 Ke8-f8 49. Rg7-g8 Kf8-e7 50. h7-h8=Q Rh1-b1 51. b2-b3 Ke7-d6 52. Qh8xf6 Kd6-c5 53. Rg8xg5  1-0

[Event "Suizo"]
[White "cebravo"]
[Black "dfunes"]
[Date "2017.01.21"]
[Result "1-0"]
[WhiteElo "1906"]
[BlackElo "1614"]

1. c2-c4 e7-e5 2. g2-g3 c7-c6 3. Nb1-c3 Ng8-f6 4. Bf1-g2 Bf8-c5 5. e2-e3 d7-d5 6. c4xd5 c6xd5 7. Ng1-e2 Nb8-c6 8. a2-a3 Bc8-g4 9. h2-h3 Bg4-h5 10. b2-b4 Bc5-b6 11. Qd1-b3 Nc6-e7 12. Bc1-b2 Qd8-d7 13. Nc3-a4 Bb6-c7 14. Na4-c5 Qd7-c6 15. Ra1-c1 Qc6-b6 16. Ne2-c3 d5-d4 17. Nc3-a4 Qb6-b5 18. Bg2-f1 Qb5-c6 19. Rh1-h2 d4xe3 20. d2xe3 e5-e4 21. Nc5-a6 Qc6-d6 22. Na6xc7 Ke8-f8 23. Nc7xa8 g7-g5 24. Bb2xf6 Qd6xf6 25. Qb3-c3 Qf6xc3 26. Na4xc3 Kf8-g7 27. Na8-c7 Rh8-d8 28. g3-g4 Bh5-g6 29. Rc1-d1 Rd8-c8 30. Nc3-d5 Ne7xd5 31. Nc7xd5 Rc8-c2 32. Rd1-d2 Rc2-c1 33. Ke1-e2 Rc1-a1 34. Bf1-g2 Ra1xa3 35. Rh2-h1 Ra3-b3 36. Rh1-c1 h7-h5 37. Rc1-c4 f7-f5 38. g4xf5 Bg6xf5 39. Bg2xe4 Bf5xh3 40. Rc4-c7 Kg7-h6 41. Nd5-c3 Rb3xb4 42. Rd2-d6 Bh3-e6 43. Rd6xe6  1-0

[Event "Suizo"]
[White "arodriguez"]
[Black "wvelandia"]
[Date "2017.01.21"]
[Result "0-1"]
[WhiteElo "1904"]
[BlackElo "1587"]

1. e2-e4 Nb8-c6 2. d2-d4 d7-d5 3. e4-e5 e7-e6 4. Ng1-f3 h7-h6 5. Nb1-c3 Ng8-e7 6. Bf1-d3 Ne7-f5 7. Nc3-e2 Bf8-b4 8. c2-c3 Bb4-a5 9. O-O O-O 10. a2-a4 a7-a6 11. b2-b4 Ba5-b6 12. Qd1-c2 a6-a5 13. b4-b5 Nc6-e7 14. g2-g4 c7-c6 15. g4xf5 e6xf5 16. Kg1-h1 c6xb5 17. a4xb5 Bc8-e6 18. Rf1-g1 Ra8-c8 19. Bc1xh6 Ne7-g6 20. Bh6-g5 Qd8-d7 21. h2-h4 Bb6-c7 22. h4-h5 Ng6-e7 23. Bg5-h6 f7-f6 24. Bh6xg7 Rf8-f7 25. Bg7xf6 Kg8-f8 26. Nf3-g5 Rf7xf6 27. Ng5-h7 Kf8-f7 28. Nh7xf6 Qd7-d8 29. Rg1-g2 Qd8-h8 30. Ra1-g1 Ne7-g8 31. Rg2-g7 Kf7-f8 32. Nf6-h7 Kf8-e8 33. Bd3xf5 Be6xf5 34. Qc2xf5 Ng8-e7 35. Qf5-f7 Ke8-d7  0-1

[Event "Suizo"]
[White "dfunes"]
[Black "smberczely"]
[Date "2017.01.21"]
[Result "1-0"]
[WhiteElo "1618"]
[BlackElo "1757"]

1. e2-e4 c7-c5 2. Ng1-f3 Nb8-c6 3. Bf1-c4 g7-g6 4. d2-d4 c5xd4 5. Nf3xd4 Bf8-g7 6. Nd4xc6 b7xc6 7. c2-c3 Ng8-f6 8. Bc1-g5 Nf6xe4 9. Bg5-e3 O-O 10. O-O d7-d5 11. Bc4-b3 Qd8-d6 12. Nb1-d2 Ne4-c5 13. Bb3-c2 Bg7-e5 14. f2-f4 Be5-g7 15. Kg1-h1 Rf8-e8 16. Be3-d4 Nc5-d7 17. Bd4xg7 Kg8xg7 18. Qd1-f3 Nd7-f6 19. f4-f5 Bc8-d7 20. Ra1-d1 Ra8-b8 21. b2-b4 Re8-g8 22. Nd2-c4 Qd6-c7 23. Nc4-e3 Rb8-e8 24. Ne3-g4 Nf6-e4 25. f5xg6 h7xg6 26. Qf3xf7 Kg7-h8 27. Bc2xe4 d5xe4 28. Qf7-f2 Bd7xg4 29. Qf2-h4 Bg4-h5 30. Rf1-f4 Kh8-g7 31. Rd1-f1 e7-e6 32. g2-g4 Rg8-h8 33. Qh4-f6  1-0

[Event "Suizo"]
[White "mserrano"]
[Black "jmartinezga"]
[Date "2017.01.21"]
[Result "0-1"]
[WhiteElo "1595"]
[BlackElo "1811"]

1. d2-d4 Ng8-f6 2. e2-e3 e7-e6 3. g2-g3 c7-c6 4. Bf1-g2 d7-d5 5. b2-b3 Bf8-b4 6. c2-c3 Bb4-a5 7. b3-b4 Ba5-b6 8. Ng1-f3 O-O 9. O-O Rf8-e8 10. Bc1-a3 Nb8-d7 11. Nb1-d2 e6-e5 12. Qd1-b3 e5-e4 13. Nf3-e5 Nd7xe5 14. d4xe5 Re8xe5 15. c3-c4 d5xc4 16. Qb3xc4 Bc8-e6 17. Qc4-c2 Re5-d5 18. Nd2xe4 Nf6xe4 19. Bg2xe4 Rd5-d2 20. Qc2-b1 Qd8-f6 21. Rf1-d1 Rd2xd1 22. Qb1xd1 Ra8-d8 23. Qd1-b1 Rd8-d2 24. f2-f4 Bb6xe3 25. Kg1-f1 Be6-c4 26. Kf1-e1 Rd2-e2 27. Ke1-f1 Re2-b2 28. Kf1-e1 Rb2xb1 29. Ra1xb1 Qf6-e6 30. Be4-f3 Be3-c1 31. Ke1-d1 Bc1xa3 32. g3-g4 Qe6-d6 33. Kd1-c2 Qd6-d3  0-1

[Event "Suizo"]
[White "vpenaa"]
[Black "oiglesias"]
[Date "2017.01.21"]
[Result "0-1"]
[WhiteElo "1595"]
[BlackElo "1837"]

1. d2-d4 e7-e6 2. e2-e4 d7-d5 3. e4xd5 e6xd5 4. h2-h3 Ng8-f6 5. Ng1-f3 a7-a6 6. Nf3-e5 Bf8-e7 7. Qd1-e2 c7-c5 8. Bc1-g5 O-O 9. Qe2-d2 Nf6-e4 10. Bg5xe7 Qd8xe7 11. Qd2-e3 c5xd4 12. Qe3xd4 Bc8-e6 13. Bf1-d3 Nb8-c6 14. Ne5xc6 b7xc6 15. O-O c6-c5 16. Qd4-e3 Ne4-f6 17. Nb1-d2 c5-c4 18. Bd3-e2 Qe7-d6 19. Ra1-d1 Qd6-c6 20. Nd2-f3 Rf8-e8 21. a2-a3 Qc6-b7 22. Rd1-b1 Be6xh3 23. g2xh3 Re8xe3 24. f2xe3 Ra8-e8 25. Nf3-h2 Re8xe3 26. Be2-f3 Qb7-b6 27. a3-a4 Re3xf3 28. Kg1-g2 Rf3xf1 29. Rb1xf1 Qb6xb2 30. Rf1-f2 Nf6-e4 31. h3-h4 Ne4xf2 32. Kg2xf2 Qb2xc2 33. Kf2-g3 d5-d4 34. Kg3-g4 d4-d3 35. Kg4-f5 d3-d2 36. Kf5-e5 d2-d1=Q 37. Nh2-g4 Qd1-e2 38. Ke5-d6 Qc2-g6 39. Kd6-c5 Qe2-e7 40. Kc5xc4 Qg6xg4 41. Kc4-b3 Qe7-e3 42. Kb3-a2 Qg4-g2 43. Ka2-b1 Qe3-e1  0-1

[Event "Suizo"]
[White "jcferrer"]
[Black "cebravo"]
[Date "2017.01.21"]
[Result "0-1"]
[WhiteElo "1619"]
[BlackElo "1903"]

1. e2-e4 e7-e5 2. Ng1-f3 Nb8-c6 3. Bf1-c4 Ng8-f6 4. d2-d3 Bf8-c5 5. Bc1-e3 Bc5xe3 6. f2xe3 O-O 7. O-O Nc6-a5 8. Nf3xe5 d7-d6 9. Bc4xf7 Rf8xf7 10. Ne5xf7 Kg8xf7 11. Nb1-c3 Kf7-g8 12. Nc3-e2 Bc8-g4 13. h2-h3 Bg4xe2 14. Qd1xe2 Na5-c6 15. Qe2-f3 Qd8-e7 16. c2-c3 Ra8-e8 17. Rf1-f2 Nc6-e5 18. Qf3-e2 c7-c5 19. Ra1-d1 c5-c4 20. d3-d4 Ne5-d3 21. Rf2-f3 Qe7xe4 22. b2-b3 b7-b5 23. a2-a4 a7-a6 24. b3xc4 b5xc4 25. Qe2-a2 d6-d5 26. Qa2-a3 Qe4-e7 27. Qa3xe7 Re8xe7 28. Rd1-b1 Re7-e6 29. Rf3-f5 Re6xe3 30. Rb1-b7 Re3-e1 31. Kg1-h2 Re1-a1 32. Rb7-b8 Kg8-f7 33. Rb8-d8 Kf7-g6 34. Rf5-f3 Ra1xa4 35. h3-h4 h7-h5 36. Rd8-d6 Ra4-a3 37. Rf3-g3 Kg6-f7 38. Rg3-g5 Nf6-g4 39. Kh2-h3 Ra3xc3 40. Rd6-g6 Nd3-f2  0-1

[Event "Suizo"]
[White "jyanguas"]
[Black "arodriguez"]
[Date "2017.01.21"]
[Result "0-1"]
[WhiteElo "1631"]
[BlackElo "1925"]

1. d2-d4 Ng8-f6 2. c2-c4 g7-g6 3. Nb1-c3 d7-d5 4. Bc1-g5 d5xc4 5. e2-e3 Bf8-g7 6. Bf1xc4 O-O 7. h2-h3 Nb8-d7 8. Ng1-f3 c7-c5 9. O-O a7-a6 10. Nf3-e5 b7-b5 11. Bg5xf6 Nd7xf6 12. Qd1-f3 Bc8-d7 13. Bc4-d5 Nf6xd5 14. Qf3xd5 c5xd4 15. e3xd4 Bd7-e6 16. Qd5-e4 Qd8-b6 17. Nc3-d5 Qb6-d6 18. Nd5-f4 Be6-f5 19. Qe4-e3 Rf8-d8 20. Rf1-d1 Ra8-c8 21. Qe3-b3 Bg7xe5 22. d4xe5 Qd6xe5 23. Nf4-d5 Bf5-c2 24. Rd1-e1 Bc2xb3 25. Nd5xe7 Qe5xe7 26. Re1xe7 Bb3-e6 27. g2-g4 Rc8-c2 28. Re7-a7 Rd8-d2 29. Ra1-f1 Be6-c4 30. Ra7-c7 Bc4xf1 31. Rc7xc2 Rd2xc2 32. Kg1xf1 Rc2xb2 33. Kf1-g2 Rb2xa2  0-1